| 000 | 01566cam a22002651i 4500 | ||
|---|---|---|---|
| 003 | SA-RiAUC | ||
| 005 | 20241107083353.0 | ||
| 008 | 241107s2005 su g 00010 ara c | ||
| 020 | _z996094199 | ||
| 040 |
_aSA-MdTU _bara _cSA-RiAUC _erda |
||
| 082 | 0 | 4 |
_a250 _qSA-RiAUC |
| 090 |
_a250 _bن ف ي |
||
| 100 | 1 |
_aالنفيسة، عبد الرحمن حسن، _d1361 هجري- _eمؤلف. |
|
| 245 | 1 | 0 |
_aرسائل ومسائل في الفقه / _cعبد الرحمن بن حسن النفيسة. |
| 264 | 1 |
_aالرياض : _bمجلة البحوث الفقهية المعاصرة، _c[2005] |
|
| 300 |
_a8 مجلد ؛ _c24 سم. |
||
| 336 |
_aنص _btxt _2rdacontent _3كتاب |
||
| 337 |
_aبدون وسيط _bn _2rdamedia |
||
| 338 |
_aمجلد _bnc _2rdacarrier |
||
| 490 | 0 |
_aإصدارات مجلة البحوث الفقهية المعاصرة ؛ _v15 ،16 ،19، 22، 26 |
|
| 505 | 0 | _aالمحتويات : مجلد 1. كتاب العقيدة- مجلد 2. كتاب الطهارة، كتاب الصلاة- مجلد 3. كتاب الزكاة، كتاب الصيام، كتاب الحج- مجلد 4. كتاب البيوع والمعاملات- مجلد 5. كتاب النكاح وأحكام الأسرة- مجلد 6. كتاب الفقه وأصوله، كتاب القضاء- مجلد 7. كتاب الجنايات والحدود وكتاب الضررو المسئولية- مجلد 8. كتاب الطب وكتاب الأطعمة والأشربة. | |
| 650 | 7 |
_aالفقه الإسلامي _2aucsh |
|
| 942 |
_2ddc _cBOOK |
||
| 949 |
_aSA-JeALM _d241107 _ukhaled123 _n1 |
||
| 999 |
_c2143 _d2143 |
||